000 00492nam a22001817a 4500
003 BD-ChCU
005 20260125121625.0
008 260125b bg ||||| |||| 00| 0 ben d
040 _cBD-ChCU
082 _a664.3 SWB
100 _aSwern, Daniel. ed.
_919623
245 _aBalley's industrial oil and fat products.//
_cDaniel Swern.
250 _a3rd ed.
260 _aNew York
_bInterscience Pub
_c1964
300 _axiii, 1103p
650 0 _aOils and fats.
_919624
942 _2ddc
_cBK
_n0
999 _c111244
_d111244